000 00401nam a2200181Ia 4500
008 221030s9999 xx 000 0 und d
020 _a8178086492
041 _aEnglish
082 _a105.23
_bRob
100 _aS. Robbins
245 0 _aManagement
250 _a7th
260 _bPearson Education
_aDelhi
_c2004
300 _a674
650 _aManagement
700 _aM. Coulter
942 _cBK
999 _c1972
_d1972